00682nam a2200241Ia 4500003000900000008004100009040001300050040001300063041000800076100002000084245001200104250000900116260002100125260000900146300001100155300000700166300001000173490002900183490000600212942000700218999001700225952019800242IT-RoPAU120407s9999 xx 000 0 und d aIT-RoPAU cIT-RoPAU aita aEnzo Bernardini aLiguria aRoma aNewton & Compton c1985 a224 p. bsi c23 cm aItinerari archeologici,8 v1 cBK c29403d29403 00102ddc406913_42000000000000071aPAULUSbPAULUSd2012-04-11l0o 913.42r2012-04-11 00:00:00w2012-04-11yBKzInserito da: Carla In data: 24 ottobre 2011 fondo: Via A.Severo 56 Progr:24679